000 00280nam a22001217a 4500
008 181006b xxu||||| |||| 00| 0 eng d
041 _aeng
080 _a941
100 _a17
101 _aHIS
245 _aA Pictorial History of the World War I
_cJablonski, E
942 _2udc
_cBK
999 _c48951
_d48951